Operations risk : managing a key component of operations risk under Basel II
Αποθηκεύτηκε σε:
| Κύριος συγγραφέας: | |
|---|---|
| Μορφή: | Βιβλίο |
| Γλώσσα: | English |
| Δημοσίευση: |
Amsterdam : Boston :
Elsevier Butterworth-Heinemann,
c2007
|
| Θέματα: | |
| Ετικέτες: |
Προσθήκη ετικέτας
Δεν υπάρχουν, Καταχωρήστε ετικέτα πρώτοι!
|
MARC
| LEADER | 00000nam a2200000 i 4500 | ||
|---|---|---|---|
| 001 | 1/70569 | ||
| 008 | 080116s2007 eng d | ||
| 020 | |a 978-0-7506-6799-9 | ||
| 020 | |a 0-7506-6799-0 | ||
| 035 | |l 10093713 | ||
| 040 | |a GR-MY-UA |b gre |e aacr | ||
| 041 | 0 | |a eng | |
| 082 | 0 | |a 332.1068 |2 (22) | |
| 100 | 1 | |a Loader, David. | |
| 245 | 1 | 0 | |a Operations risk : |b managing a key component of operations risk under Basel II / |c David Loader |
| 260 | |a Amsterdam : |a Boston : |b Elsevier Butterworth-Heinemann, |c c2007 | ||
| 300 | |a ix, 178 σ.; |b πίν.; |c 24 εκ. | ||
| 504 | |a Περιλαμβάνει ευρετήριο | ||
| 650 | 0 | 0 | |a Financial services industry |x Risk management. |
| 650 | 0 | 0 | |a Risk management. |
| 852 | |a INST |b CHIOS |e 20080116 |h 332.1068 LOA |p 005200027955 |q 005200027955 |t BK |y 0 | ||
| 901 | |a BIBL2-2008-1 | ||
| 909 | |a Χ |b 143617 | ||
| 922 | |a 2ΕΛΗ |b 200712 |c ΕΠΕΑΕΚ2/ΤΔΕ |d ΕΛΕΥΘΕΡΟΥΔΑΚΗΣ | ||
| 970 | |a ΒΑΡΦΗΣ |b ΒΑΓΓΕΛΗΣ |z 2008/01/16 | ||